[Event "36th ECC Open 2021"]
[Site "Struga MKD"]
[Date "2021.09.22"]
[Round "5.19"]
[Board "6"]
[White "Cooney, Brendan"]
[Black "Johansson, Eva"]
[Result "1/2-1/2"]
[WhiteElo "1818"]
[BlackElo "1847"]
[WhiteTeam "St Benildus"]
[BlackTeam "Team Pelaro Alingsas"]
[WhiteFideId "2508702"]
[BlackFideId "1724584"]
[EventDate "2021.09.18"]
[EventType "team"]

1. e4 d6 2. d4 Nf6 3. Nc3 g6 4. Be3 c6 5. Qd2 b5 6. Bd3 Nbd7 7. h3 Nb6 8. Nf3 a6
9. O-O Bg7 10. Bh6 O-O 11. Bxg7 Kxg7 12. Rfe1 Qc7 13. Qf4 Bb7 14. e5 Nfd5 15.
Qh4 dxe5 16. dxe5 Nxc3 17. bxc3 c5 18. Be4 h6 19. Qg3 Bxe4 20. Rxe4 Rad8 21. Rh4
Rh8 22. Re1 Nc4 23. Rg4 Rd5 24. Rf4 e6 25. Rg4 Rhd8 26. h4 Nd2 27. h5 Nxf3+ 28.
gxf3 Kh8 29. hxg6 fxg6 30. Rxg6 Qh7 31. Re4 Rg8 32. Reg4 Rxg6 33. Rxg6 Rd8 34.
Kh2 Rg8 35. Rxg8+ Qxg8 36. Qf4 Qg7 37. Qe4 Qf8 38. Qg4 Qg7 39. f4 Kh7 40. f3 Qg6
41. Kg3 1/2-1/2

[Event "36th ECC Open 2021"]
[Site "Struga MKD"]
[Date "2021.09.23"]
[Round "6.1"]
[Board "1"]
[White "Korobov, Anton"]
[Black "Svidler, Peter"]
[Result "1/2-1/2"]
[WhiteTitle "GM"]
[BlackTitle "GM"]
[WhiteElo "2685"]
[BlackElo "2701"]
[WhiteTeam "Silla-Valencia Origin of Chess"]
[BlackTeam "Mednyi Vsadnik"]
[WhiteFideId "14105730"]
[BlackFideId "4102142"]
[EventDate "2021.09.18"]
[EventType "team"]

1. d4 Nf6 2. c4 g6 3. Nc3 d5 4. cxd5 Nxd5 5. e4 Nxc3 6. bxc3 Bg7 7. Bc4 c5 8.
Ne2 Nc6 9. Be3 O-O 10. O-O b6 11. Rc1 Bb7 12. Bb5 e6 13. dxc5 Ne5 14. f3 a6 15.
Ba4 b5 16. Bb3 Qc7 17. Nd4 Rfd8 18. Qe2 Bf8 19. f4 Nc4 20. Bxc4 bxc4 21. c6 Bxc6
22. Qxc4 Rac8 23. Qxc6 Qxc6 24. Nxc6 Rxc6 25. Kf2 Bc5 26. Bxc5 Rxc5 27. Ke3 Rdc8
28. Kd3 Rd8+ 29. Ke3 Rdc8 30. Kd3 Rd8+ 31. Kc2 Ra5 32. Ra1 Ra4 33. Rfe1 Rb8 34.
g3 h6 35. Re2 Kg7 36. Kd3 Rd8+ 37. Ke3 Rc8 38. Kd3 Rd8+ 39. Ke3 Rc8 40. Rc1 Kf6
41. Rcc2 g5 42. Kd3 gxf4 43. gxf4 Rd8+ 44. Ke3 Rc8 45. Kd3 Rd8+ 46. Ke3 Rc8 1/2-1/2

[Event "36th ECC Open 2021"]
[Site "Struga MKD"]
[Date "2021.09.23"]
[Round "6.1"]
[Board "3"]
[White "Abasov, Nijat"]
[Black "Fedoseev, Vladimir3"]
[Result "1/2-1/2"]
[WhiteTitle "GM"]
[BlackTitle "GM"]
[WhiteElo "2652"]
[BlackElo "2708"]
[WhiteTeam "Silla-Valencia Origin of Chess"]
[BlackTeam "Mednyi Vsadnik"]
[WhiteFideId "13402960"]
[BlackFideId "24130737"]
[EventDate "2021.09.18"]
[EventType "team"]

1. c4 c6 2. Nf3 d5 3. e3 Nf6 4. Nc3 Nbd7 5. cxd5 cxd5 6. d4 e6 7. Bd3 Bd6 8. O-O
O-O 9. Re1 h6 10. Bd2 a6 11. Rc1 Rb8 12. e4 dxe4 13. Nxe4 Nxe4 14. Bxe4 Nf6 15.
Bb1 b5 16. Ne5 Bb7 17. Rc3 Re8 18. Bxh6 gxh6 19. Qc1 Kf8 20. Qxh6+ Ke7 21. Nxf7
Bxh2+ 22. Qxh2 Kxf7 23. Rc7+ Re7 24. Bg6+ Kxg6 25. Rxe7 Qxe7 26. Qxb8 Bd5 27.
Re3 Nh5 28. Re5 Ng7 29. Qc8 Nf5 30. g4 Ng7 31. f4 Qh4 32. Rg5+ Kh7 33. Qc2+ Kg8
34. Qc8+ Kh7 1/2-1/2

[Event "36th ECC Open 2021"]
[Site "Struga MKD"]
[Date "2021.09.23"]
[Round "6.1"]
[Board "4"]
[White "Alekseenko, Kirill"]
[Black "Santos Latasa, Jaime"]
[Result "1-0"]
[WhiteTitle "GM"]
[BlackTitle "GM"]
[WhiteElo "2693"]
[BlackElo "2627"]
[WhiteTeam "Mednyi Vsadnik"]
[BlackTeam "Silla-Valencia Origin of Chess"]
[WhiteFideId "4135539"]
[BlackFideId "2293307"]
[EventDate "2021.09.18"]
[EventType "team"]

1. e4 c5 2. Nf3 d6 3. d4 cxd4 4. Nxd4 Nf6 5. Nc3 Nc6 6. Bg5 e6 7. Qd2 a6 8.
O-O-O Bd7 9. f3 Nxd4 10. Qxd4 Be7 11. Kb1 Qc7 12. g4 h5 13. gxh5 Nxh5 14. Bxe7
Kxe7 15. Rg1 b5 16. Rg5 Rab8 17. e5 dxe5 18. Qb4+ Ke8 19. Ne4 a5 20. Nd6+ Kf8
21. Qh4 Qd8 22. f4 Kg8 23. Be2 Be8 24. Nxe8 Qxe8 25. Rxh5 Rxh5 26. Bxh5 1-0

[Event "36th ECC Open 2021"]
[Site "Struga MKD"]
[Date "2021.09.23"]
[Round "6.2"]
[Board "1"]
[White "Mamedyarov, Shakhriyar"]
[Black "Harikrishna, Pentala"]
[Result "1/2-1/2"]
[WhiteTitle "GM"]
[BlackTitle "GM"]
[WhiteElo "2762"]
[BlackElo "2725"]
[WhiteTeam "Alkaloid"]
[BlackTeam "AVE Novy Bor"]
[WhiteFideId "13401319"]
[BlackFideId "5007003"]
[EventDate "2021.09.18"]
[EventType "team"]

1. d4 Nf6 2. c4 e6 3. Nf3 d5 4. Nc3 Bb4 5. Bg5 h6 6. Bxf6 Qxf6 7. e3 O-O 8. Rc1
Nc6 9. Qd3 e5 10. dxe5 Nxe5 11. Nxe5 Qxe5 12. Qxd5 Qf6 13. Qd4 Qxd4 14. exd4
Re8+ 15. Be2 Bf5 16. a3 Bxc3+ 17. Rxc3 Re4 18. d5 Rae8 19. Re3 Rxe3 20. fxe3
Rxe3 21. Kd2 Rb3 22. Kc1 Re3 23. Kd2 Rb3 24. Kc1 Re3 25. Kd2 Rb3 26. Kc1 Re3 27.
Kd2 Rb3 28. Kc1 Re3 29. Kd2 Rb3 30. Kc1 Re3 1/2-1/2

[Event "36th ECC Open 2021"]
[Site "Struga MKD"]
[Date "2021.09.23"]
[Round "6.2"]
[Board "2"]
[White "Wojtaszek, Radoslaw"]
[Black "Shankland, Sam"]
[Result "1/2-1/2"]
[WhiteTitle "GM"]
[BlackTitle "GM"]
[WhiteElo "2698"]
[BlackElo "2720"]
[WhiteTeam "AVE Novy Bor"]
[BlackTeam "Alkaloid"]
[WhiteFideId "1118358"]
[BlackFideId "2004887"]
[EventDate "2021.09.18"]
[EventType "team"]

1. d4 Nf6 2. c4 g6 3. Nf3 Bg7 4. g3 c6 5. Nc3 d5 6. Qb3 O-O 7. Bg2 dxc4 8. Qxc4
Bf5 9. O-O Nbd7 10. Re1 Ne4 11. Qb3 Qa5 12. Bf4 Nb6 13. Rec1 Rfd8 14. e3 Be6 15.
Qc2 Nxc3 16. bxc3 c5 17. Ng5 Bd5 18. e4 Bc4 19. Nf3 cxd4 20. cxd4 Rac8 21. Qb2
e6 22. Be5 Qb5 23. Qxb5 Bxb5 24. Bxg7 Kxg7 25. Bf1 Bxf1 26. Kxf1 Na4 27. Ke2 b5
28. Kd3 Nb2+ 29. Ke2 a5 30. a3 Nc4 31. Kd3 Nb2+ 32. Ke2 Kf8 33. Rab1 1/2-1/2

[Event "36th ECC Open 2021"]
[Site "Struga MKD"]
[Date "2021.09.23"]
[Round "6.2"]
[Board "4"]
[White "Ragger, Markus"]
[Black "Kryvoruchko, Yuriy"]
[Result "1/2-1/2"]
[WhiteTitle "GM"]
[BlackTitle "GM"]
[WhiteElo "2665"]
[BlackElo "2689"]
[WhiteTeam "AVE Novy Bor"]
[BlackTeam "Alkaloid"]
[WhiteFideId "1610856"]
[BlackFideId "14109182"]
[EventDate "2021.09.18"]
[EventType "team"]

1. e4 e5 2. Nf3 Nc6 3. Bc4 Bc5 4. c3 Nf6 5. d4 exd4 6. e5 d5 7. Bb5 Ne4 8. cxd4
Bb6 9. Nc3 O-O 10. Be3 Bg4 11. h3 Bh5 12. Qc2 Nxc3 13. bxc3 f6 14. exf6 Qxf6 15.
Be2 Rae8 16. O-O Na5 17. Ne5 Bxe2 18. Qxe2 Qe6 19. f4 Nc4 20. Rae1 Nxe5 21. dxe5
g5 22. Bxb6 Qxb6+ 23. Kh2 gxf4 24. Qg4+ Qg6 25. Rxf4 Qxg4 26. Rxg4+ Kh8 27. c4
dxc4 28. Rxc4 Re7 29. e6 Rf6 30. Rd4 Rfxe6 31. Rxe6 Rxe6 32. Rd8+ Kg7 33. Rd7+
Kf6 34. Rxh7 Re7 35. Rxe7 Kxe7 36. Kg3 b5 1/2-1/2

[Event "36th ECC Open 2021"]
[Site "Struga MKD"]
[Date "2021.09.23"]
[Round "6.2"]
[Board "5"]
[White "Inarkiev, Ernesto"]
[Black "Anton Guijarro, David"]
[Result "1/2-1/2"]
[WhiteTitle "GM"]
[BlackTitle "GM"]
[WhiteElo "2663"]
[BlackElo "2651"]
[WhiteTeam "Alkaloid"]
[BlackTeam "AVE Novy Bor"]
[WhiteFideId "4162722"]
[BlackFideId "2285525"]
[EventDate "2021.09.18"]
[EventType "team"]

1. e4 e5 2. Nf3 Nc6 3. Bb5 a6 4. Ba4 Nf6 5. O-O Nxe4 6. d4 b5 7. Bb3 d5 8. dxe5
Be6 9. Nbd2 Be7 10. c3 O-O 11. Bc2 f5 12. Nd4 Nxd4 13. cxd4 Qb8 14. a4 c5 15.
dxc5 Bxc5 16. Nb3 bxa4 17. Nxc5 Nxc5 18. Re1 Rc8 19. Bxa4 Qb4 20. Be3 Nxa4 21.
Qxa4 Qxb2 22. Rab1 Qc2 23. Qa3 Qc3 24. Qe7 Re8 25. Qd6 Rad8 26. Qxa6 Ra8 27. Qd6
Rad8 28. Qa6 Ra8 29. Qb5 Rab8 30. Qa4 Qc4 31. Qa7 Rxb1 32. Rxb1 f4 33. Rc1 Qe4
34. Bd2 f3 35. Qe3 fxg2 1/2-1/2

[Event "36th ECC Open 2021"]
[Site "Struga MKD"]
[Date "2021.09.23"]
[Round "6.2"]
[Board "6"]
[White "Bartel, Mateusz"]
[Black "Predke, Alexandr"]
[Result "1/2-1/2"]
[WhiteTitle "GM"]
[BlackTitle "GM"]
[WhiteElo "2611"]
[BlackElo "2662"]
[WhiteTeam "AVE Novy Bor"]
[BlackTeam "Alkaloid"]
[WhiteFideId "1112635"]
[BlackFideId "24107581"]
[EventDate "2021.09.18"]
[EventType "team"]

1. e4 e5 2. Nf3 Nc6 3. Bb5 a6 4. Ba4 Nf6 5. O-O Be7 6. d3 d6 7. c3 O-O 8. h3 Re8
9. Be3 b5 10. Bb3 d5 11. Nbd2 h6 12. a4 Be6 13. d4 exd4 14. Nxd4 Nxd4 15. cxd4
dxe4 16. Bxe6 fxe6 17. Qc2 Qd5 18. axb5 axb5 19. Rxa8 Rxa8 20. Qxc7 Bd6 21. Qc2
Ra7 22. Qc8+ Kf7 23. Rc1 Qa8 24. Qc2 Rc7 25. Qb1 Rxc1+ 26. Qxc1 Qd5 27. Qc2 g5
28. Nb3 Qa8 29. Qc1 Qd5 30. Qc2 Qa8 31. Qc1 1/2-1/2

[Event "36th ECC Open 2021"]
[Site "Struga MKD"]
[Date "2021.09.23"]
[Round "6.3"]
[Board "1"]
[White "Donchenko, Alexander"]
[Black "Berkes, Ferenc"]
[Result "1/2-1/2"]
[WhiteTitle "GM"]
[BlackTitle "GM"]
[WhiteElo "2641"]
[BlackElo "2671"]
[WhiteTeam "Skakfelag Selfoss"]
[BlackTeam "Team XtraCon"]
[WhiteFideId "24603295"]
[BlackFideId "718572"]
[EventDate "2021.09.18"]
[EventType "team"]

1. e4 c5 2. Nf3 d6 3. d4 cxd4 4. Nxd4 Nf6 5. Nc3 Nc6 6. Bg5 e6 7. Qd2 a6 8.
O-O-O Bd7 9. Nxc6 Bxc6 10. f3 h6 11. Be3 d5 12. e5 Nd7 13. f4 Bc5 14. h4 Bxe3
15. Qxe3 Qb6 16. Qxb6 Nxb6 17. h5 O-O 18. Rh4 f6 19. exf6 Rxf6 20. Bd3 Nd7 21.
Be2 Raf8 22. Bg4 Nb6 23. b3 Re8 24. Bf3 Nc8 25. Ne2 Nd6 26. a4 a5 27. Kb2 Kf8
28. Rhh1 Ke7 29. Rhe1 Kd7 30. Bg4 Kc7 31. Bf3 e5 32. fxe5 Rxe5 33. Nd4 Nf7 34.
Nb5+ Kb6 35. Rxe5 Nxe5 36. Bxd5 Rf5 37. Bxc6 bxc6 38. Nd4 Rxh5 39. Ne6 g5 40.
Re1 Nd7 41. Nd4 Nc5 42. Re8 Rh4 43. Nf5 Rg4 44. Ne3 Rg3 45. Re7 h5 46. Nc4+ Ka6
47. Nd6 Rg4 48. Nc8 Nxa4+ 49. bxa4 Rxa4 50. Nd6 Rg4 51. c4 Kb6 52. Kc3 Rg3+ 53.
Kd4 c5+ 54. Kd5 Rd3+ 55. Ke5 Re3+ 56. Ne4 a4 57. Re8 a3 58. Rb8+ Kc6 59. Ra8 h4
60. Kf5 g4 61. Ra6+ Kc7 62. Kf4 Re2 63. Rxa3 Rxg2 64. Nf6 Rf2+ 65. Kxg4 Rxf6 66.
Kxh4 Rf4+ 67. Kg3 Rxc4 68. Kf3 Kc6 69. Ke3 Rd4 70. Rd3 Ra4 71. Kd2 Kb5 72. Rh3
c4 1/2-1/2

[Event "36th ECC Open 2021"]
[Site "Struga MKD"]
[Date "2021.09.23"]
[Round "6.3"]
[Board "2"]
[White "Banusz, Tamas"]
[Black "Demchenko, Anton"]
[Result "1/2-1/2"]
[WhiteTitle "GM"]
[BlackTitle "GM"]
[WhiteElo "2641"]
[BlackElo "2610"]
[WhiteTeam "Team XtraCon"]
[BlackTeam "Skakfelag Selfoss"]
[WhiteFideId "722413"]
[BlackFideId "4160258"]
[EventDate "2021.09.18"]
[EventType "team"]

1. Nf3 Nf6 2. g3 b5 3. Bg2 Bb7 4. Na3 a6 5. c4 e6 6. b3 bxc4 7. bxc4 c5 8. O-O
Be7 9. Rb1 Ra7 10. d3 O-O 11. e4 d6 12. Nc2 Nc6 13. Bd2 Ba8 14. Bc3 Nd7 15. Qd2
Bf6 16. Rb2 Rb7 17. Rxb7 Bxb7 18. Rb1 Bxc3 19. Qxc3 Qc7 20. Nd2 Rb8 21. f4 Bc8
22. Rb3 Nb4 23. a3 Nc6 24. Rxb8 Qxb8 25. Kf2 h6 26. Qb3 Qc7 27. Qc3 Bb7 28. h3
Kf8 29. Bf3 Qb6 30. Kg2 f6 31. h4 Ke7 32. Kf2 a5 33. Bd1 Nd4 34. Ke3 e5 35. f5
Nb8 36. Kf2 Nxc2 1/2-1/2

[Event "36th ECC Open 2021"]
[Site "Struga MKD"]
[Date "2021.09.23"]
[Round "6.4"]
[Board "1"]
[White "Indjic, Aleksandar"]
[Black "Mamedov, Rauf"]
[Result "0-1"]
[WhiteTitle "GM"]
[BlackTitle "GM"]
[WhiteElo "2629"]
[BlackElo "2654"]
[WhiteTeam "Sloven Ruma"]
[BlackTeam "Vugar Gashimov"]
[WhiteFideId "911925"]
[BlackFideId "13401653"]
[EventDate "2021.09.18"]
[EventType "team"]

1. Nc3 c5 2. e4 Nc6 3. g3 g6 4. Bg2 Bg7 5. d3 d6 6. f4 Nd4 7. Be3 Nf6 8. h3 e5
9. g4 exf4 10. Bxf4 Nh5 11. Be3 Ng3 12. Rh2 h5 13. g5 f5 14. Nd5 fxe4 15. dxe4
Be6 16. Nf4 O-O 17. Nxe6 Nxe6 18. Qd5 Qa5+ 19. c3 Bxc3+ 20. Kd1 Rae8 21. Kc2 Bd4
22. Bxd4 Qa4+ 23. b3 Qxd4 24. Qxd4 Nxd4+ 25. Kd3 h4 26. Bh1 Re5 27. b4 Rxg5 28.
bxc5 dxc5 29. a4 b6 30. Kc4 a6 31. e5 Nxh1 32. Rxh1 Rxe5 0-1

[Event "36th ECC Open 2021"]
[Site "Struga MKD"]
[Date "2021.09.23"]
[Round "6.4"]
[Board "2"]
[White "Shevchenko, Kirill"]
[Black "Ivanisevic, Ivan"]
[Result "1/2-1/2"]
[WhiteTitle "GM"]
[BlackTitle "GM"]
[WhiteElo "2633"]
[BlackElo "2582"]
[WhiteTeam "Vugar Gashimov"]
[BlackTeam "Sloven Ruma"]
[WhiteFideId "14129574"]
[BlackFideId "912417"]
[EventDate "2021.09.18"]
[EventType "team"]

1. c4 e5 2. Nc3 Bb4 3. Nd5 a5 4. Nf3 d6 5. a3 Bc5 6. e3 c6 7. Nc3 Ba7 8. d4 Nd7
9. Be2 Ngf6 10. g4 Nxg4 11. Rg1 Nf8 12. dxe5 Ng6 13. Qxd6 Bd7 14. Ne4 Bb8 15.
Qc5 N4xe5 16. Nxe5 Nxe5 17. Rxg7 Qh4 18. Qd4 Qxh2 19. Rg5 c5 20. Nf6+ Kd8 21.
Qd5 Ra6 22. Nxd7 Nxd7 23. Bd2 Be5 24. O-O-O Rd6 25. Qxb7 Ke7 26. Qe4 Re6 27. Qd5
Rd6 28. Qe4 Re6 29. Qd5 Rd6 30. Qf3 Qh6 31. Rf5 Qe6 32. Bc3 Rxd1+ 33. Kxd1 Bxc3
34. bxc3 Rb8 35. Qd5 Qg6 36. Kc2 f6 37. Qe4+ Kd8 38. Qg4 a4 39. e4 Qxg4 40. Bxg4
Ne5 41. Be2 Rb6 42. f4 Ng6 43. Bh5 Rc6 44. Bf3 Nh4 45. Rd5+ Ke7 46. Bh1 Ng6 47.
Rh5 Nxf4 48. Rxh7+ Ke6 49. Bf3 Ra6 50. Bg4+ Ke5 51. Re7+ Kd6 52. Rb7 Ra8 53. Bd7
Ng6 54. Bb5 Ne5 55. Rg7 Rh8 56. Rg2 Rh4 57. Re2 Kc7 58. Kb1 Rh3 59. Kc2 Rh4 60.
Bxa4 Nxc4 61. Be8 Nd6 62. Bg6 Rg4 63. Bf5 Rf4 64. Kd3 Nxf5 65. exf5 c4+ 66. Ke3
Rxf5 67. Kd4 Ra5 68. Ra2 Ra4 69. Kc5 f5 70. Kb5 Ra8 71. a4 f4 72. Rf2 Rf8 73.
Rf3 Kd6 74. Kxc4 Ke5 75. a5 Ke4 76. Rf1 Rc8+ 77. Kb4 Rb8+ 78. Kc5 Rc8+ 79. Kb4
Rb8+ 80. Ka4 Rc8 81. Rc1 f3 82. a6 f2 83. Kb4 Kd3 84. Rf1 Ke2 85. Rxf2+ Kxf2 86.
Kb5 Rxc3 87. a7 Ra3 88. Kb6 Rxa7 89. Kxa7 1/2-1/2

[Event "36th ECC Open 2021"]
[Site "Struga MKD"]
[Date "2021.09.23"]
[Round "6.5"]
[Board "1"]
[White "Grischuk, Alexander"]
[Black "Markoja, Boris"]
[Result "1-0"]
[WhiteTitle "GM"]
[BlackTitle "IM"]
[WhiteElo "2775"]
[BlackElo "2453"]
[WhiteTeam "KPRF"]
[BlackTeam "Maribor Poligram"]
[WhiteFideId "4126025"]
[BlackFideId "14608502"]
[EventDate "2021.09.18"]
[EventType "team"]

1. e4 e6 2. d4 d5 3. Nc3 Nf6 4. e5 Nfd7 5. f4 c5 6. Nf3 Nc6 7. Be3 Be7 8. a3 O-O
9. dxc5 Bxc5 10. Bxc5 Nxc5 11. b4 Nd7 12. Bd3 f6 13. O-O a6 14. Qe1 Rf7 15. Kh1
Nf8 16. Rd1 Bd7 17. f5 fxe5 18. Nxe5 Nxe5 19. Qxe5 Qg5 20. Rde1 exf5 21. Qxd5
Bc6 22. Rxf5 Qxf5 23. Qxf5 Rxf5 24. Bxf5 Rd8 25. Kg1 Rd4 26. Bd3 Nd7 27. g3 Nf6
28. h3 Bd7 29. Kg2 Kf7 30. Re5 Bc6+ 31. Kf2 Bd7 32. Kg2 Bc6+ 33. Kf2 Bd7 34. Ke3
Rd6 35. Ne4 Nxe4 36. Bxe4 Kf6 37. Rh5 Bc6 38. Rf5+ Ke6 39. Rc5 Bxe4 40. Kxe4 Rd7
41. a4 g6 42. a5 Rf7 43. g4 Kd6 44. Rd5+ Kc7 45. Rc5+ Kd7 46. h4 Rf1 47. h5 Rf2
48. c3 Kd6 49. Rg5 Rf6 50. hxg6 hxg6 51. Rd5+ Kc7 52. Ke5 Rf3 53. g5 Rf1 54. Ke6
Rf3 55. Ke7 1-0

[Event "36th ECC Open 2021"]
[Site "Struga MKD"]
[Date "2021.09.23"]
[Round "6.5"]
[Board "4"]
[White "Skuhala, Jernej"]
[Black "Rublevsky, Sergei"]
[Result "0-1"]
[WhiteTitle "FM"]
[BlackTitle "GM"]
[WhiteElo "2351"]
[BlackElo "2641"]
[WhiteTeam "Maribor Poligram"]
[BlackTeam "KPRF"]
[WhiteFideId "14605651"]
[BlackFideId "4115309"]
[EventDate "2021.09.18"]
[EventType "team"]

1. e4 c5 2. Nf3 e6 3. d4 cxd4 4. Nxd4 Nc6 5. Nc3 a6 6. Be3 Nf6 7. Qf3 Bb4 8.
Nxc6 bxc6 9. Bd3 d5 10. e5 Nd7 11. Qg3 Bf8 12. O-O c5 13. Nd1 Bb7 14. c4 d4 15.
Bd2 g6 16. f4 Be7 17. Qe1 a5 18. Nf2 a4 19. Be4 Qb6 20. Nd3 O-O 21. Rb1 Rfb8 22.
Nf2 Bxe4 23. Qxe4 Ra7 24. Rfc1 Rab7 25. Rc2 Qa6 26. Nd3 Qa8 27. Re1 Rb6 28. Qxa8
Rxa8 29. g3 Re8 30. Bc1 h5 31. Kg2 Kg7 32. h3 Rh8 33. Rce2 Rc6 34. Kf3 Bd8 35.
Bd2 Ra6 36. Rb1 Ba5 37. Bxa5 Rxa5 38. h4 Rha8 39. Rbe1 Nb8 40. Rd2 Nc6 41. Rde2
Rb8 42. Rd1 Ne7 43. Rb1 Nf5 44. Rc1 Kf8 45. Rb1 Ne3 46. Rc1 Ke7 47. Ke4 Nf5 48.
Kf3 Kd7 49. Rb1 Kc6 50. Rc1 Ra7 51. Rb1 Rab7 52. Rc1 Ne3 53. Ke4 Nf5 54. Rg2 Rb6
55. Kf3 Ne3 56. Re2 Nf5 57. Rg2 Ng7 58. Rd2 Ne8 59. Rg1 Nc7 60. Re1 Na6 61. Ree2
Nb4 62. Nc1 d3 63. Re4 Nxa2 64. Nxa2 Rxb2 65. Rxb2 Rxb2 66. Nc3 a3 67. Ke3 a2
68. Nxa2 Rxa2 69. Kf3 Rc2 0-1

[Event "36th ECC Open 2021"]
[Site "Struga MKD"]
[Date "2021.09.23"]
[Round "6.6"]
[Board "2"]
[White "Nabaty, Tamir"]
[Black "Sulypa, Oleksandr"]
[Result "1-0"]
[WhiteTitle "GM"]
[BlackTitle "GM"]
[WhiteElo "2638"]
[BlackElo "2455"]
[WhiteTeam "BEER SHEVA"]
[BlackTeam "Reykjavik"]
[WhiteFideId "2809052"]
[BlackFideId "14100487"]
[EventDate "2021.09.18"]
[EventType "team"]

1. d4 d5 2. Nf3 Nf6 3. Bf4 Bf5 4. c4 e6 5. Nc3 Bb4 6. Qa4+ Nc6 7. Ne5 O-O 8.
Nxc6 Bxc3+ 9. bxc3 bxc6 10. Qxc6 Qb8 11. Bc1 Rd8 12. f3 Rd6 13. Qa4 Rb6 14. g4
Rb1 15. Rxb1 Qxb1 16. Qa3 Nxg4 17. fxg4 Be4 18. Rg1 Rb8 19. Kf2 h6 20. Bh3 Qc2
21. Qxa7 Rb1 22. Qa3 dxc4 23. Re1 Bd5 24. Bf4 Rb2 25. Bxc7 Qd2 26. Qd6 Qxc3 27.
Qg3 Qxd4+ 28. Qe3 Qf6+ 29. Kg1 Rxa2 30. Be5 Qg6 31. Kf2 Kh7 32. Ra1 Rc2 33. Rc1
Ra2 34. Ra1 Rc2 35. Ra7 Be4 36. Qf4 Kg8 37. Bd4 Bd5 38. Rd7 f6 39. Rxd5 exd5 40.
Bg2 Kh8 41. Bxd5 Qe8 42. Be4 Ra2 43. Bxf6 gxf6 44. Qxh6+ 1-0

[Event "36th ECC Open 2021"]
[Site "Struga MKD"]
[Date "2021.09.23"]
[Round "6.7"]
[Board "1"]
[White "Tari, Aryan"]
[Black "Kunin, Vitaly"]
[Result "1-0"]
[WhiteTitle "GM"]
[BlackTitle "GM"]
[WhiteElo "2642"]
[BlackElo "2562"]
[WhiteTeam "Offerspill Chess Club"]
[BlackTeam "Gambit Bonnevoie"]
[WhiteFideId "1510045"]
[BlackFideId "4128737"]
[EventDate "2021.09.18"]
[EventType "team"]

1. e4 d6 2. d4 Nf6 3. Nc3 e5 4. Nf3 Nbd7 5. Rg1 exd4 6. Nxd4 Nc5 7. Qe2 Be7 8.
Bf4 Ne6 9. Nxe6 Bxe6 10. O-O-O Nd7 11. Be3 O-O 12. f4 Nb6 13. g4 Bc4 14. Qf3
Bxf1 15. Qxf1 Qe8 16. g5 f5 17. Bxb6 axb6 18. Qc4+ Kh8 19. Qxc7 fxe4 20. Nd5 Bd8
21. Qxd6 Rxa2 22. Kb1 Ra6 23. Rge1 b5 24. Qc5 Re6 25. Re3 Be7 26. Qd4 Qh5 27.
Rde1 Rc8 28. Rxe4 Qxh2 29. c3 Rxe4 30. Qxe4 Bf8 31. Nb6 Rc7 32. Qf5 Kg8 33. Nd7
Rc8 34. Qe6+ Kh8 35. Ne5 Rc7 36. Nf7+ Rxf7 37. Qxf7 Qxf4 38. Qxf4 1-0

[Event "36th ECC Open 2021"]
[Site "Struga MKD"]
[Date "2021.09.23"]
[Round "6.7"]
[Board "4"]
[White "Filipovic, Slobodan J"]
[Black "Haldorsen, Benjamin"]
[Result "0-1"]
[BlackTitle "IM"]
[WhiteElo "2214"]
[BlackElo "2465"]
[WhiteTeam "Gambit Bonnevoie"]
[BlackTeam "Offerspill Chess Club"]
[WhiteFideId "939633"]
[BlackFideId "1512633"]
[EventDate "2021.09.18"]
[EventType "team"]

1. Nf3 c5 2. c4 Nc6 3. g3 g6 4. Bg2 Bg7 5. Nc3 d6 6. d3 e6 7. Bf4 h6 8. Nb5 e5
9. Bd2 Nge7 10. Qc1 a6 11. Nc3 Rb8 12. h3 b5 13. O-O Be6 14. b3 b4 15. Nd1 Qd7
16. Kh2 f5 17. e4 g5 18. exf5 Bxf5 19. Nb2 O-O 20. Qc2 g4 21. Ng1 Nd4 22. Qd1
gxh3 23. Be4 Rf6 24. Be3 Nec6 25. f3 Rbf8 26. Rf2 Kh8 27. Qf1 Bxe4 28. dxe4 Qf7
29. Qxh3 h5 30. Raf1 Bh6 31. Nd1 Qg6 32. Qg2 Ne6 33. Nh3 Ncd4 34. f4 h4 35. f5
Qxg3+ 36. Qxg3 hxg3+ 37. Kxg3 Rg8+ 38. Kh2 Bf4+ 39. Bxf4 Nxf4 40. Rxf4 exf4 41.
Rxf4 Rh6 42. Nf2 Ne2 43. Rf3 Ng1 44. Re3 Nxh3 45. Nxh3 Rg5 46. Rg3 Rxg3 47. Kxg3
Kg7 48. Nf2 a5 49. Kg2 Rh8 50. Kf3 a4 51. e5 dxe5 52. Ke4 Rh2 53. Kf3 Rxf2+ 0-1

[Event "36th ECC Open 2021"]
[Site "Struga MKD"]
[Date "2021.09.23"]
[Round "6.8"]
[Board "3"]
[White "Breder, Dennis"]
[Black "Lokander, Martin"]
[Result "1/2-1/2"]
[WhiteTitle "IM"]
[BlackTitle "IM"]
[WhiteElo "2463"]
[BlackElo "2452"]
[WhiteTeam "Schachgesellschaft Riehen"]
[BlackTeam "Stocholms SS"]
[WhiteFideId "4636945"]
[BlackFideId "1709569"]
[EventDate "2021.09.18"]
[EventType "team"]

1. e4 c5 2. Nf3 d6 3. Bb5+ Nd7 4. d4 cxd4 5. Qxd4 a6 6. Bxd7+ Qxd7 7. O-O e5 8.
Qd3 Qc6 9. Nc3 Be6 10. Rd1 Rc8 11. a4 Nf6 12. Bg5 Nd7 13. Nd2 h6 14. Be3 Nf6 15.
f3 d5 16. exd5 Nxd5 17. Nxd5 Bxd5 18. c4 Be6 19. Qc3 Be7 20. Qxe5 Bf6 21. Qg3
Bf5 22. Ne4 Bxe4 23. fxe4 Qe6 24. Bd4 O-O 25. e5 Be7 26. b3 Rfe8 27. h3 Bc5 28.
Bxc5 Rxc5 29. Rd6 Qxe5 30. Qxe5 Rcxe5 1/2-1/2